• 首页
  • 本馆介绍
  • 公告通知
  • 最新文献
  • 馆藏检索
  • 电子资源
  • 读者导购
  • 参考咨询
  • 我的图书馆
  • 登录
  • 详细信息显示
  • 放入我的书架
  • 预约/预借图书
  • 作者相关作品
  • 分类相关作品
  • 丛书相关作品
  • 出版社相关作品

书目信息

  • 表格格式
  • 工作单格式
  • 卡片格式
题名:
生物大分子藻胆蛋白的高效制备、活性构象及应用研究
    
 
作者: 颜世敢 , 朱丽萍 , 陈蕾蕾 著
分册:  
出版信息: 北京   中国水利水电出版社  2018.12
页数: 209页
开本: 23cm
丛书名:
单 册:
中图分类: Q503 , Q949.2
科图分类:
主题词: 生物大分子--sheng wu da fen zi--藻胆朊--制备--研究
电子资源:
ISBN: 978-7-5170-7295-9
000 01418nam0 2200301 45
001 012001001467
005 20131108111635.0
010    @a978-7-5170-7295-9@dCNY58.00
099    @aCAL 012019054322
100    @a20190423d2019 ekmy0chiy50 ea
101 0  @achi
102    @aCN@b110000
105    @aak a 000yy
106    @ar
200 1  @a生物大分子藻胆蛋白的高效制备、活性构象及应用研究@Asheng wu da fen zi zao dan dan bai de gao xiao zhi bei、 huo xing gou xiang ji ying yong yan jiu@f颜世敢, 朱丽萍, 陈蕾蕾著
210    @a北京@c中国水利水电出版社@d2018.12
215    @a209页@c图@d23cm
320    @a有书目 (第181-207页)
330    @a生物大分子研究方兴未艾, 藻胆蛋白是一种古老的水溶性色素蛋白, 属于生物大分子, 具有独特的组成、结构、特性和功能, 是研究生物大分子结构、活性构象、自组装、能量传递以及光合作用机理的理想材料。商品化的藻胆蛋白已经广泛用作天然色素、荧光试剂等, 同时藻胆蛋白还显示出良好的药用价值, 如抗氧化、抗病毒、肿瘤抑制、免疫增强等作用。
333    @a本书可作为从事生物大分子、蛋白质学、医学、藻类学、生物化学分析与制备、光合作用机理研究等研究领域的研究生、本科生及相关领域从业者的参考资料
606 0  @a生物大分子@Asheng wu da fen zi@x藻胆朊@x制备@x研究
690    @aQ503@v5
690    @aQ949.2@v5
701  0 @a颜世敢@Ayan shi gan@4著
701  0 @a朱丽萍@Azhu li ping@4著
701  0 @a陈蕾蕾@Achen lei lei@4著
801  0 @aCN@b北京卓展@c20191020
905    @b1198363-6@dQ503@e282@f4
    
    生物大分子藻胆蛋白的高效制备、活性构象及应用研究/颜世敢, 朱丽萍, 陈蕾蕾著.-北京:中国水利水电出版社,2018.12
    209页:图;23cm
    使用对象:本书可作为从事生物大分子、蛋白质学、医学、藻类学、生物化学分析与制备、光合作用机理研究等研究领域的研究生、本科生及相关领域从业者的参考资料
    
    ISBN 978-7-5170-7295-9:CNY58.00
    生物大分子研究方兴未艾, 藻胆蛋白是一种古老的水溶性色素蛋白, 属于生物大分子, 具有独特的组成、结构、特性和功能, 是研究生物大分子结构、活性构象、自组装、能量传递以及光合作用机理的理想材料。商品化的藻胆蛋白已经广泛用作天然色素、荧光试剂等, 同时藻胆蛋白还显示出良好的药用价值, 如抗氧化、抗病毒、肿瘤抑制、免疫增强等作用。
●
相关链接 在E读中查询图书 在五车中查询图书 在当当中查询图书 在豆瓣中查询图书


正题名:生物大分子藻胆蛋白的高效制备、活性构象及应用研究     索取号:Q503/282         预约/预借

序号 登录号 条形码 馆藏地/架位号 状态 备注
1 1198363   211983638   第二样本阅览室/ [索取号:Q503/282] 在馆    
2 1198364   211983647   第三借阅区/ [索取号:Q503/282] 在馆    
3 1198365   211983656   第三借阅区/ [索取号:Q503/282] 在馆    
4 1198366   211983665   第三借阅区/ [索取号:Q503/282] 在馆    
唐山师范学院图书馆 欢迎您!
大连网信软件有限公司© 版权所有